Missing Word: Biblical Sayings Quiz Stats

 Plays Quiz Updated Sep 15, 2019

Score 0/20 Timer 03:00
0 Plays Today
Saying Word % Correct
It's better to ____ than to receivegive
93.5%
Escape by the ____ of your teethskin
92%
A man after his own _____heart
91.6%
Labor of ____love
89.3%
____ from gracefall
87.2%
Out of the ______ of babesmouths
85.4%
Go the _____ mileextra
84.8%
There's nothing new _____ the sununder
83.7%
_____ of his eyeapple
82.5%
With ___ your heartall
78.1%
Saying Word % Correct
The four _______ of the earthcorners
74.7%
Fall by the _______wayside
73.6%
The _______ on the wallwriting
73.3%
____ of the earthsalt
70%
A ____ in the bucketdrop
66.6%
Cast your ______ before swinepearls
60.1%
Fly in the ________ointment
60.1%
The ______ that bepowers
44.9%
A ___ unto themselveslaw
32.4%
The ____ of the matterroot
10.8%

Today's Daily Dose

Missing Word
Sherlocks

Word Ladder
King of the Hill

Quick Pick
Songs in Pink

Get the Picture
NBA Teammates

You're not logged in!

Compare scores with friends on all Sporcle quizzes.
OR
Log In

Sporcle TV

Today on Sporcle TV


Watch our educational content, quiz creation guides, and fun videos on Sporcle TV.

Show Comments

Extras

Top Quizzes Today


Score Distribution

Your Account Isn't Verified!

In order to create a playlist on Sporcle, you need to verify the email address you used during registration. Go to your Sporcle Settings to finish the process.

Report this User

Report this user for behavior that violates our Community Guidelines.

Details: